书目信息 |
| 题名: |
有机微量定量分析
|
|
| 作者: | 陈耀祖 , 杜棣华 编著 | |
| 分册: | ||
| 出版信息: | 北京 科学出版社 1978 |
|
| 页数: | 500页 | |
| 开本: | 19cm | |
| 丛书名: | ||
| 单 册: | ||
| 中图分类: | O656.31 | |
| 科图分类: | ||
| 主题词: | 定量分析:微量分析:有机分析 , 有机分析:微量分析:定量分析 , 微量分析:有机分析:定量分析 | |
| 电子资源: | ||
| ISBN: | ||
| 000 | 00721nam0 2200253 45 | |
| 001 | 0178006268 | |
| 005 | 20060814162933.07 | |
| 010 | @dCNY1.65 | |
| 091 | @a13031.761 | |
| 100 | @a19950727d1978 em y0chiy0121 ea | |
| 101 | 0 | @achi |
| 102 | @aCN@b110000 | |
| 105 | @ay z 000yy | |
| 200 | 10 | @a有机微量定量分析@Ayou ji wei liang ding liang fen xi@f陈耀祖,杜棣华编著@FChen Yao Zu,Du Di Hua Bian Zhu |
| 210 | @a北京@c科学出版社@d1978 | |
| 215 | @a500页@d19cm | |
| 606 | @a定量分析:微量分析:有机分析 | |
| 606 | @a有机分析:微量分析:定量分析 | |
| 606 | @a微量分析:有机分析:定量分析 | |
| 690 | @aO656.31@v3 | |
| 701 | 0 | @a陈耀祖@4编著 |
| 701 | 0 | @a杜棣华@4编著 |
| 801 | 0 | @aCN@bNLC@c20060814 |
| 905 | @dO656.31@e5 | |
| 有机微量定量分析/陈耀祖,杜棣华编著.-北京:科学出版社,1978 |
| 500页;19cm |
| ISBN :CNY1.65 |
| ● |
| 相关链接 |
|
|
|
|
正题名:有机微量定量分析
索取号:O656.31/5
 
预约/预借
| 序号 | 登录号 | 条形码 | 馆藏地/架位号 | 状态 | 备注 |
| 1 | 0000463 | 202290038 | 密集书库/ [索取号:O656.31/5] | 在馆 | |
| 2 | 0077953 | 000628967 | 第三借阅区/ [索取号:O656.31/5] | 在馆 | |
| 3 | 0077954 | 000628958 | 第三借阅区/ [索取号:O656.31/5] | 在馆 | |
| 4 | 0077955 | 202101046 | 第二样本阅览室/ [索取号:O656.31/5] | 在馆 | |
| 5 | 0461249 | 204612491 | 密集书库/ [索取号:O656.31/5] | 在馆 | |
| 6 | 0461250 | 204612507 | 密集书库/ [索取号:O656.31/5] | 在馆 |